MANAGING COMPLICATIONS IN PREGNANCY AND CHILDBRITH (Record no. 31557)

MARC details
000 -LEADER
fixed length control field 00413nam a22001577a 4500
003 - CONTROL NUMBER IDENTIFIER
control field OSt
005 - DATE AND TIME OF LATEST TRANSACTION
control field 20220224104839.0
008 - FIXED-LENGTH DATA ELEMENTS--GENERAL INFORMATION
fixed length control field 220224b |||||||| |||| 00| 0 eng d
020 ## - INTERNATIONAL STANDARD BOOK NUMBER
International Standard Book Number 92-4-154587-9
040 ## - CATALOGING SOURCE
Original cataloging agency DDC
Transcribing agency HU
082 ## - DEWEY DECIMAL CLASSIFICATION NUMBER
Edition number 1ST
Classification number 618.3
Item number 6
245 ## - TITLE STATEMENT
Title MANAGING COMPLICATIONS IN PREGNANCY AND CHILDBRITH
250 ## - EDITION STATEMENT
Edition statement 1ST
260 ## - PUBLICATION, DISTRIBUTION, ETC.
Place of publication, distribution, etc. GENEVA
Name of publisher, distributor, etc. WORLD HEALTH ORGANIZATION
Date of publication, distribution, etc. 2007
942 ## - ADDED ENTRY ELEMENTS (KOHA)
Source of classification or shelving scheme Dewey Decimal Classification
Koha item type Books like text book referance book
Suppress in OPAC No
Holdings
Withdrawn status Lost status Source of classification or shelving scheme Damaged status Not for loan Home library Current library Date acquired Total Checkouts Full call number Barcode Date last seen Copy number Price effective from Koha item type
    Dewey Decimal Classification     College of Medicine and Health’s Sciences Library College of Medicine and Health’s Sciences Library 02/24/2022   618.3-2007 CMHSL00010506 02/24/2022 1 02/24/2022 Books like text book referance book
    Dewey Decimal Classification     College of Medicine and Health’s Sciences Library College of Medicine and Health’s Sciences Library 02/24/2022   618.3-2007 CMHSL00010507 02/24/2022 2 02/24/2022 Books like text book referance book
    Dewey Decimal Classification     College of Medicine and Health’s Sciences Library College of Medicine and Health’s Sciences Library 02/24/2022   618.3-2007 CMHSL00010508 02/24/2022 3 02/24/2022 Books like text book referance book
    Dewey Decimal Classification     College of Medicine and Health’s Sciences Library College of Medicine and Health’s Sciences Library 02/24/2022   618.3-2007 CMHSL00010509 02/24/2022 4 02/24/2022 Books like text book referance book
    Dewey Decimal Classification     College of Medicine and Health’s Sciences Library College of Medicine and Health’s Sciences Library 02/24/2022   618.3-2007 CMHSL00010510 02/24/2022 5 02/24/2022 Books like text book referance book
    Dewey Decimal Classification     College of Medicine and Health’s Sciences Library College of Medicine and Health’s Sciences Library 02/24/2022   618.3-2007 CMHSL00010511 02/24/2022 6 02/24/2022 Books like text book referance book